000 00427nam a2200181Ia 4500
001 1382
005 20260306143724.0
008 260306t2003||||xx |||||||||||||| ||spa||
041 _aESP
082 _a199.73
_bD31
100 _aDavidson, Donald
_eAUT
245 0 _aSubjetivo, intersubjetivo, objetivo
260 _c2003
300 _a316 páginas :
_c18 cm.
650 _aGEN
654 _aCHU
942 _cLIB
_dJUS
_fJUS
_2ddc
_n
999 _c1382
_d1382